[Event "248th YMCA Autumn A"]
[Site "Warsaw"]
[Date "2021.11.19"]
[Round "9"]
[White "Polak, Michal"]
[Black "Zysko, Jan"]
[Result "1/2-1/2"]
[WhiteElo "1929"]
[BlackElo "2080"]
[PlyCount "84"]
[EventDate "2021.09.24"]
[EventType "tourn"]
[EventRounds "2"]
[EventCountry "POL"]
[SourceDate "2021.09.24"]

1. e4 c5 2. Nf3 d6 3. d4 cxd4 4. Nxd4 Nf6 5. Nc3 e6 6. Be2 a6 7. O-O b5 8. Bf3
Ra7 9. Be3 Rd7 10. g4 h6 11. a3 Bb7 12. Bg2 d5 13. e5 Ne4 14. Qd3 Nxc3 15. Qxc3
Qc7 16. Qd2 Nc6 17. f4 Bc5 18. c3 h5 19. Nxc6 Qxc6 20. Bxc5 Qxc5+ 21. Qd4 Qxd4+
22. cxd4 hxg4 23. Rac1 Ke7 24. Rc5 f5 25. Rfc1 Rh5 26. R1c3 Kd8 27. h3 gxh3 28.
Rxh3 Rxh3 29. Bxh3 g5 30. fxg5 Rg7 31. Kf2 Rxg5 32. Rc3 Bc8 33. Rg3 Rxg3 34.
Kxg3 Ke7 35. Kf4 Kf7 36. Kg5 Kg7 37. Bf1 Bd7 38. Be2 Bc6 39. Bh5 Bd7 40. Be2
Bc6 41. b4 Be8 42. Bd1 Bc6 1/2-1/2

[Event "248th YMCA Autumn A"]
[Site "Warsaw"]
[Date "2021.11.19"]
[Round "9"]
[White "Choroszej, Aleksander"]
[Black "Pajak, Jakub"]
[Result "1-0"]
[WhiteElo "2031"]
[BlackElo "1928"]
[PlyCount "55"]
[EventDate "2021.09.24"]
[EventType "tourn"]
[EventRounds "2"]
[EventCountry "POL"]
[SourceDate "2021.09.24"]

1. d4 Nf6 2. c4 g6 3. Nc3 Bg7 4. e4 d6 5. f4 O-O 6. Nf3 c5 7. d5 e6 8. Be2 exd5
9. cxd5 Nbd7 10. O-O Re8 11. Qc2 c4 12. Bxc4 Nc5 13. e5 dxe5 14. fxe5 Ng4 15.
d6 Bf5 16. Qd1 Nxe5 17. Nxe5 Rxe5 18. Bf4 Ne6 19. Bg3 Rc8 20. Bd3 Qb6+ 21. Kh1
Bxd3 22. Qxd3 Re3 23. Qd2 Rcxc3 24. bxc3 Bxc3 25. Qf2 Bxa1 26. Qxf7+ Kh8 27.
Rxa1 Rxg3 28. Qf6+ 1-0

[Event "248th YMCA Autumn A"]
[Site "Warsaw"]
[Date "2021.11.26"]
[Round "10"]
[White "Delega, Tomasz"]
[Black "Choroszej, Aleksander"]
[Result "1/2-1/2"]
[WhiteElo "1994"]
[BlackElo "2031"]
[PlyCount "126"]
[EventDate "2021.09.24"]
[EventType "tourn"]
[EventRounds "2"]
[EventCountry "POL"]
[SourceDate "2021.09.24"]

1. e4 g6 2. d4 Bg7 3. Nc3 d6 4. Be3 a6 5. h4 Nf6 6. h5 gxh5 7. f3 Nc6 8. Qd2 b6
9. Nge2 Bb7 10. Ng3 Qd7 11. Nxh5 Nxh5 12. Rxh5 O-O-O 13. O-O-O Kb8 14. g4 e6
15. Qh2 h6 16. Qd2 Qe7 17. Be2 Qf6 18. Kb1 Ne7 19. Rdh1 c5 20. g5 hxg5 21. Rxh8
Rxh8 22. Rxh8+ Bxh8 23. dxc5 dxc5 24. Na4 Nc8 25. Bxg5 Qd4 26. Qxd4 Bxd4 27. c3
Be5 28. Kc2 Kc7 29. b3 f6 30. Be3 Ne7 31. b4 Bc6 32. Nxb6 cxb4 33. cxb4 Bb5 34.
Bc4 Nc6 35. Bxe6 Nxb4+ 36. Kb3 Nc6 37. Nd5+ Kd6 38. Bg4 Nd4+ 39. Bxd4 Bxd4 40.
f4 Kc5 41. Kc2 Bc4 42. Nc7 Bxa2 43. Nxa6+ Kd6 44. Nb4 Bc4 45. Kd2 Bb5 46. Nd5
Bc6 47. Kd3 Bb2 48. Ne3 Bb5+ 49. Kd2 Bd4 50. Nf5+ Kc5 51. Bf3 Bg1 52. Ng7 Bc4
53. Nh5 Bd4 54. Ke1 Bf7 55. Ng3 Be3 56. f5 Bf4 57. Ne2 Be3 58. Ng3 Bc4 59. Nh5
Bg5 60. Kf2 Kd4 61. Ng3 Bd3 62. Ne2+ Bxe2 63. Kxe2 Bf4 $11 1/2-1/2

[Event "248th YMCA Autumn A pff"]
[Site "?"]
[Date "2021.12.03"]
[Round "11"]
[White "Zysko, Jan"]
[Black "Delega, Tomasz"]
[Result "1/2-1/2"]
[WhiteElo "2080"]
[BlackElo "1994"]
[PlyCount "59"]
[EventDate "2021.12.02"]
[EventType "tourn"]
[EventRounds "1"]
[SourceDate "2021.12.02"]

1. d4 d6 2. Nf3 Bg4 3. e3 Nd7 4. Be2 e5 5. O-O Ngf6 6. c4 c6 7. Nc3 e4 8. Ng5
Bxe2 9. Qxe2 d5 10. cxd5 cxd5 11. f3 h6 12. Nh3 Bb4 13. Bd2 Bxc3 14. Bxc3 O-O
15. Nf4 Qb6 16. fxe4 dxe4 17. Rf2 Qd6 18. Raf1 Nb6 19. d5 Nbxd5 20. Bd4 Rae8
21. Nh5 Nxh5 22. Qxh5 f6 23. Bxf6 Nxe3 24. Bxg7 Nxf1 25. Bxf8 Rxf8 26. Rxf8+
Qxf8 27. Qd5+ Kh8 28. Qe5+ Kg8 29. Qd5+ Kh8 30. Qe5+ 1/2-1/2

[Event "248th YMCA Autumn A pff"]
[Site "?"]
[Date "2021.12.08"]
[Round "11"]
[White "Choroszej, Aleksander"]
[Black "Pajak, Jakub"]
[Result "0-1"]
[WhiteElo "2031"]
[BlackElo "1928"]
[PlyCount "106"]
[EventDate "2021.12.02"]
[EventType "tourn"]
[EventRounds "1"]
[SourceDate "2021.12.02"]

1. d4 Nf6 2. c4 g6 3. Nc3 Bg7 4. e4 d6 5. f4 O-O 6. Nf3 c5 7. d5 e6 8. Be2 exd5
9. cxd5 Nbd7 10. O-O Re8 11. Qc2 Qc7 12. Nd2 a6 13. a4 Rb8 14. a5 b5 15. axb6
Nxb6 16. Bxa6 Ng4 17. Nf3 Bxa6 18. Rxa6 Qb7 19. Ra2 Nc4 20. Re1 Bd4+ 21. Nxd4
cxd4 22. Ne2 Nge3 23. Qd3 Qb4 24. Kf2 Ng4+ 25. Kf1 Nxh2+ 26. Kf2 Ng4+ 27. Kf1
Nce3+ 28. Bxe3 Nh2+ 29. Kg1 Qxe1+ 30. Kxh2 dxe3 31. Qxe3 Rb4 32. Qc3 Qh4+ 33.
Qh3 Qxh3+ 34. Kxh3 Rexe4 35. Nc3 Rxf4 36. g3 Rfc4 37. Ra6 Rxb2 38. Nd1 Rd2 39.
Ne3 Rc3 40. Ng4 h5 41. Nf6+ Kg7 42. Ne4 Rcd3 43. Nxd2 Rxd2 44. Rxd6 g5 45. g4
Rd3+ 46. Kg2 hxg4 47. Rd8 Kf6 48. d6 Kf5 49. Kf2 g3+ 50. Kg2 Kg4 51. Rf8 f5 52.
Rf6 f4 53. Kf1 Kf3 0-1

[Event "248th YMCA Autumn A pff"]
[Site "?"]
[Date "2021.12.16"]
[Round "12"]
[White "Podgorski, Maciej"]
[Black "Zysko, Jan"]
[Result "0-1"]
[WhiteElo "1980"]
[BlackElo "2080"]
[PlyCount "74"]
[EventDate "2021.12.02"]
[EventType "tourn"]
[EventRounds "1"]
[SourceDate "2021.12.02"]

1. e4 c5 2. Nf3 e6 3. d3 Nc6 4. g3 d6 5. Bg2 Nf6 6. O-O Be7 7. Re1 O-O 8. c3
Bd7 9. Nbd2 Qc7 10. a3 b5 11. b4 cxb4 12. axb4 a5 13. bxa5 Rxa5 14. Rxa5 Qxa5
15. Bb2 d5 16. e5 Ng4 17. h3 Nh6 18. Qb3 Nf5 19. g4 Nh4 20. Nxh4 Bxh4 21. d4
Nxd4 22. cxd4 Qxd2 23. Rf1 b4 24. f4 Bb5 25. Rd1 Qxf4 26. Qxb4 Be2 27. Rc1 Qf2+
28. Kh1 Bf3 29. Rg1 Bxg2+ 30. Rxg2 Qf1+ 31. Kh2 Bg5 32. Ba3 Bf4+ 33. Rg3 Rc8
34. Qb2 Qe1 35. Qg2 Bxg3+ 36. Qxg3 Rc2+ 37. Qg2 Rxg2+ 0-1

[Event "248th YMCA Autumn A pff"]
[Site "?"]
[Date "2021.12.10"]
[Round "12"]
[White "Polak, Michal"]
[Black "Choroszej, Aleksander"]
[Result "0-1"]
[WhiteElo "1929"]
[BlackElo "2031"]
[PlyCount "86"]
[EventDate "2021.12.02"]
[EventType "tourn"]
[EventRounds "1"]
[SourceDate "2021.12.02"]

1. e4 g6 2. d4 Bg7 3. Nc3 d6 4. Be3 a6 5. a4 Nf6 6. h3 b6 7. Nf3 Bb7 8. Bd3 O-O
9. O-O Nbd7 10. Qd2 c5 11. d5 Ne8 12. Bh6 Nc7 13. Bxg7 Kxg7 14. Rad1 Nf6 15.
Rfe1 Rb8 16. Bc4 b5 17. axb5 axb5 18. Nxb5 Nxb5 19. Bxb5 Bxd5 20. exd5 Rxb5 21.
c4 Rb4 22. Qc3 Qb6 23. Rxe7 Rb3 24. Qc1 h6 25. Re2 Rb8 26. Rdd2 Qa6 27. Rc2
R3b4 28. Re3 Qb6 29. Ree2 Qa6 30. g3 Ra4 31. Kg2 Rbb4 32. Nd2 Ra1 33. Nb1 Nd7
34. f4 Nb6 35. Re4 Nxd5 36. Qd2 Nf6 37. Re1 Rxc4 38. Rxc4 Qxc4 39. Na3 Qa2 40.
Re7 Qb3 41. g4 Rd1 42. Qe2 Qd5+ 43. Kf2 Rd2 0-1

[Event "248th YMCA Autumn A pff"]
[Site "?"]
[Date "2021.12.08"]
[Round "13"]
[White "Podgorski, Maciej"]
[Black "Delega, Tomasz"]
[Result "1-0"]
[WhiteElo "1980"]
[BlackElo "1994"]
[PlyCount "100"]
[EventDate "2021.12.02"]
[EventType "tourn"]
[EventRounds "1"]
[SourceDate "2021.12.02"]

1. e4 d6 2. d4 Nf6 3. Nc3 c6 4. g3 Nbd7 5. Bg2 e5 6. Nge2 Be7 7. O-O O-O 8. f4
Qc7 9. a4 b6 10. h3 Ba6 11. Rf2 Rad8 12. g4 Bxe2 13. Nxe2 d5 14. exd5 exd4 15.
Nxd4 cxd5 16. c3 Nc5 17. Nf5 Nfe4 18. Nxe7+ Qxe7 19. Rf1 f5 20. Re1 Qh4 21. Be3
fxg4 22. hxg4 Rxf4 23. Bxf4 Qf2+ 24. Kh1 Qxf4 25. Qf3 Qh6+ 26. Kg1 Rf8 27. Qe3
Rf4 28. Rad1 Qg5 29. Rxd5 Qxg4 30. Rd8+ Kf7 31. Rd4 Rf2 32. Qh3 Qxh3 33. Bxh3
Rxb2 34. Rexe4 Nxe4 35. Rxe4 Rc2 36. Rc4 Kf6 37. Rc7 h5 38. Bf1 g5 39. Rxa7
Rxc3 40. Ra6 Rg3+ 41. Kf2 Rb3 42. a5 Ke5 43. axb6 Rb2+ 44. Kg1 Kd4 45. Bg2 g4
46. b7 g3 47. Ra4+ Ke5 48. Be4 h4 49. Ra8 h3 50. b8=Q+ Rxb8 1-0

[Event "248th YMCA Autumn A pff"]
[Site "?"]
[Date "2021.12.14"]
[Round "13"]
[White "Polak, Michal"]
[Black "Pajak, Jakub"]
[Result "1/2-1/2"]
[WhiteElo "1929"]
[BlackElo "1928"]
[PlyCount "58"]
[EventDate "2021.12.02"]
[EventType "tourn"]
[EventRounds "1"]
[SourceDate "2021.12.02"]

1. e4 c5 2. Nf3 g6 3. d4 cxd4 4. Nxd4 Bg7 5. c4 Nc6 6. Be3 Nf6 7. Nc3 O-O 8.
Be2 d6 9. O-O Bd7 10. Qd2 Nxd4 11. Bxd4 Bc6 12. f3 a5 13. b3 Nd7 14. Be3 Nc5
15. Rab1 e6 16. g3 f5 17. exf5 Rxf5 18. Nb5 Bxb5 19. cxb5 Rd5 20. Qe1 Re5 21.
Qf2 Qc7 22. Rfd1 Rf8 23. Bf4 Rxf4 24. gxf4 Rf5 25. Rbc1 Rxf4 26. Rc4 Rf5 27.
Qg3 Be5 28. f4 d5 29. fxe5 dxc4 $11 1/2-1/2